[Event "NOR-ch"]
[Site "Bergen"]
[Date "2025.07.08"]
[Round "5"]
[White "Urkedal, Frode Olav Olsen"]
[Black "Kaasen, Tor Fredrik"]
[Result "0-1"]
[WhiteElo "2566"]
[BlackElo "2469"]
[PlyCount "122"]
[EventDate "2025.07.04"]
[EventType "swiss"]
[EventRounds "9"]
[EventCountry "NOR"]
[SourceTitle "CB29_2025"]
[SourceDate "2025.07.16"]
[SourceVersion "1"]
[SourceVersionDate "2025.07.16"]
[SourceQuality "1"]

1. c4 c6 2. d4 d5 3. Nf3 Nf6 4. e3 Bf5 5. Nc3 e6 6. Nh4 Be4 7. f3 Bg6 8. cxd5 cxd5 9. Qb3 Qc7 10. Bd2 Nc6 11. 0-0-0 Be7 12. Nxg6 hxg6 13. Kb1 a6 14. Rc1 Rc8 15. Bd3 Nd7 16. Ne2 b5 17. a4 bxa4 18. Qxa4 Nb6 19. Qxa6 Ra8 20. Qb5 Kd7 21. e4 Rhb8 22. Bf4 Bd6 23. Bxd6 Qxd6 24. exd5 exd5 25. Rc5 Nc8 26. Nc3 N8e7 27. Rxd5 Nxd5 28. Qxd5 Qxd5 29. Nxd5 Ra4 30. Be4 Rxd4 31. Ne3 Ne5 32. Rc1 f5 33. Bc2 Ke6 34. b3 Rd2 35. Re1 Kf6 36. Kc1 Rbd8 37. f4 Nc6 38. g4 Nb4 39. Bb1 Na2+ 40. Bxa2 Rxa2 41. g5+ Kf7 42. Kb1 Rf2 43. Nc4 Rxf4 44. Ne5+ Kg8 45. Nxg6 Re4 46. Rf1 Kf7 47. Nf4 Rdd4 48. Nh5 Kg6 49. Ng3 Re5 50. Kc2 Rc5+ 51. Kb2 f4 52. Nh1 Kxg5 53. Nf2 Kf5 54. h4 Rd2+ 55. Ka3 Rc3 56. Nd1 Rh3 57. Kb4 Rd8 58. Nc3 Rb8+ 59. Nb5 Rxh4 60. Kc5 Rxb5+ 61. Kxb5 g5 0-1

[Event "NOR-ch"]
[Site "Bergen"]
[Date "2025.07.04"]
[Round "1"]
[White "Kaasen, Tor Fredrik"]
[Black "Westrum, Kim Roger Hansen"]
[Result "1-0"]
[WhiteElo "2469"]
[BlackElo "2179"]
[PlyCount "63"]
[EventDate "2025.07.04"]
[EventType "swiss"]
[EventRounds "9"]
[EventCountry "NOR"]
[SourceTitle "CB29_2025"]
[SourceDate "2025.07.16"]
[SourceVersion "1"]
[SourceVersionDate "2025.07.16"]
[SourceQuality "1"]

1. d4 Nf6 2. c4 e6 3. g3 c5 4. d5 exd5 5. cxd5 d6 6. Nc3 g6 7. Bg2 Bg7 8. Nf3 0-0 9. 0-0 a6 10. a4 Re8 11. Re1 Ne4 12. Nxe4 Rxe4 13. Qc2 Rb4 14. Ra2 b5 15. axb5 Rxb5 16. e4 Nd7 17. Bf4 Qb6 18. Rb1 Rb8 19. Nd2 Ne5 20. Bxe5 Bxe5 21. Nc4 Qc7 22. Nxe5 dxe5 23. Bf1 Ra5 24. d6 Qb6 25. Rxa5 Qxa5 26. Bc4 Bh3 27. Qe2 h5 28. Qf3 Rb7 29. Qf6 Qd2 30. Qxg6+ Kf8 31. Qxh5 Rxb2 32. Qxf7# 1-0

[Event "Helsingor Kronborg GM"]
[Site "Helsingor"]
[Date "2025.05.29"]
[Round "4"]
[White "Hansen, Sune Berg"]
[Black "Kaasen, Tor Fredrik"]
[Result "1-0"]
[WhiteElo "2503"]
[BlackElo "2471"]
[PlyCount "89"]
[EventDate "2025.05.28"]
[EventType "tourn"]
[EventRounds "9"]
[EventCountry "DEN"]
[EventCategory "8"]
[SourceTitle "CB23_2025"]
[SourceDate "2025.06.04"]
[SourceVersion "1"]
[SourceVersionDate "2025.06.04"]
[SourceQuality "1"]

1. e4 c5 2. Nf3 d6 3. d4 cxd4 4. Qxd4 Nf6 5. Nc3 Nc6 6. Qd3 g6 7. Be2 Bg7 8. Nd5 0-0 9. c3 Nd7 10. 0-0 Nc5 11. Qc2 e6 12. Ne3 f5 13. exf5 gxf5 14. Rd1 Qe7 15. Nf1 d5 16. Bg5 Qf7 17. Be3 Qe7 18. Ng3 Ne4 19. Nh5 Rd8 20. Nxg7 Qxg7 21. Bd4 Qc7 22. Qc1 Rf8 23. Bb5 a6 24. Bxc6 bxc6 25. b4 f4 26. Be5 Qf7 27. c4 Bd7 28. Rb1 Be8 29. Ba1 h6 30. Ne5 Qh7 31. Rb3 Rf5 32. Re1 Rd8 33. f3 Qa7+ 34. c5 Nf6 35. Nd3 Nh5 36. Rxe6 Qh7 37. Qe1 Bd7 38. Re7 Rf7 39. Re2 Bf5 40. Ne5 d4 41. Nxc6 d3 42. Nxd8 dxe2 43. Nxf7 Qxf7 44. Qxe2 Qd5 45. Ra3 1-0

[Event "Titled Tuesday intern op 20th May Late"]
[Site "Chess.com INT"]
[Date "2025.05.20"]
[Round "7"]
[White "Gubajdullin, Alexey"]
[Black "Kaasen, Tor Fredrik"]
[Result "0-1"]
[WhiteElo "2227"]
[BlackElo "2471"]
[PlyCount "50"]
[EventDate "2025.05.20"]
[EventType "swiss (blitz)"]
[EventRounds "11"]
[EventCountry "USA"]
[SourceTitle "CB22_2025"]
[SourceDate "2025.05.28"]
[SourceVersion "1"]
[SourceVersionDate "2025.05.28"]
[SourceQuality "1"]

1. Nf3 Nf6 2. g3 g6 3. Bg2 Bg7 4. 0-0 0-0 5. d3 d5 6. Nbd2 c5 7. e4 Nc6 8. c3 e5 9. a4 d4 10. Nc4 Ne8 11. a5 Be6 12. Qa4 Nd6 13. Ng5 Bc8 14. Qa3 Nxc4 15. dxc4 h6 16. Nf3 Qd6 17. cxd4 Nxd4 18. Nxd4 exd4 19. Bf4 Qe7 20. Rfe1 g5 21. Bd2 g4 22. e5 Rb8 23. Bf4 Be6 24. b3 Rfd8 25. Qa4 Bd7 0-1

[Event "Titled Tuesday intern op 20th May Late"]
[Site "Chess.com INT"]
[Date "2025.05.20"]
[Round "2"]
[White "Marchesich, Giovanni"]
[Black "Kaasen, Tor Fredrik"]
[Result "0-1"]
[WhiteElo "2219"]
[BlackElo "2471"]
[PlyCount "66"]
[EventDate "2025.05.20"]
[EventType "swiss (blitz)"]
[EventRounds "11"]
[EventCountry "USA"]
[SourceTitle "CB22_2025"]
[SourceDate "2025.05.28"]
[SourceVersion "1"]
[SourceVersionDate "2025.05.28"]
[SourceQuality "1"]

1. Nf3 Nf6 2. g3 g6 3. Bg2 Bg7 4. 0-0 0-0 5. d4 d6 6. a4 Nbd7 7. Re1 a5 8. Nc3 e5 9. e4 b6 10. h3 Bb7 11. d5 Nc5 12. Nd2 Ba6 13. b3 Nfd7 14. Nc4 f5 15. exf5 gxf5 16. Nb5 Nf6 17. Be3 Nfe4 18. Qh5 Qd7 19. Bh6 Bxb5 20. axb5 Bxh6 21. Qxh6 Qxb5 22. Ne3 Qd7 23. g4 f4 24. Nf5 Rxf5 25. gxf5 Qxf5 26. Bf3 Kh8 27. Bg4 Rg8 28. Kh2 Qf7 29. Be6 Nxe6 30. dxe6 Qf5 31. Rxe4 Qxe4 32. Qf6+ Rg7 33. e7 Qg2# 0-1

[Event "Titled Tuesday intern op 20th May Late"]
[Site "Chess.com INT"]
[Date "2025.05.20"]
[Round "4"]
[White "Mizzi, Jack"]
[Black "Kaasen, Tor Fredrik"]
[Result "0-1"]
[WhiteElo "2086"]
[BlackElo "2471"]
[PlyCount "130"]
[EventDate "2025.05.20"]
[EventType "swiss (blitz)"]
[EventRounds "11"]
[EventCountry "USA"]
[SourceTitle "CB22_2025"]
[SourceDate "2025.05.28"]
[SourceVersion "1"]
[SourceVersionDate "2025.05.28"]
[SourceQuality "1"]

1. d4 Nf6 2. c4 g6 3. Nf3 Bg7 4. g3 d6 5. Bg2 0-0 6. 0-0 Nc6 7. Nc3 e5 8. dxe5 Nxe5 9. Nxe5 dxe5 10. Qxd8 Rxd8 11. Bg5 Rd7 12. Rad1 c6 13. Rxd7 Bxd7 14. Rd1 Be6 15. b3 h6 16. Bc1 Bf8 17. Bb2 Bf5 18. e4 Be6 19. Ne2 Bc5 20. h3 Nd7 21. Kf1 Re8 22. Nc1 f6 23. Nd3 Kf7 24. f4 exf4 25. Nxf4 Ne5 26. Nxe6 Kxe6 27. h4 Ng4 28. Bh3 h5 29. Ke2 Bd6 30. Bxg4+ hxg4 31. Bxf6 Bxg3 32. Bg5 Rh8 33. Rg1 Bxh4 34. Rxg4 Bxg5 35. Rxg5 Kf6 36. Rg2 Rh3 37. Rf2+ Ke6 38. Rg2 Kf6 39. Rf2+ Ke5 40. Rg2 Kxe4 41. Rxg6 Rh2+ 42. Kd1 Rxa2 43. Rg7 b6 44. Kc1 Kd4 45. Kb1 Rh2 46. Rxa7 Kc5 47. Rb7 Rg2 48. b4+ Kxb4 49. Rxb6+ Kc5 50. Rb8 Kxc4 51. Rc8 c5 52. Kc1 Kb4 53. Ra8 c4 54. Rb8+ Kc3 55. Kb1 Rg1+ 56. Ka2 Kc2 57. Rc8 c3 58. Ka3 Rg7 59. Kb4 Rb7+ 60. Ka3 Kd2 61. Rd8+ Kc1 62. Rc8 c2 63. Rc6 Ra7+ 64. Kb3 Kb1 65. Rxc2 Rb7+ 0-1

[Event "Stockholm Hotel N GM 2nd"]
[Site "Upplands Vasby"]
[Date "2025.05.02"]
[Round "9"]
[White "Kaasen, Tor Fredrik"]
[Black "Sivuk, Vitaly"]
[Result "1/2-1/2"]
[WhiteElo "2472"]
[BlackElo "2505"]
[PlyCount "31"]
[EventDate "2025.04.28"]
[EventType "tourn"]
[EventRounds "10"]
[EventCountry "SWE"]
[EventCategory "10"]
[SourceTitle "CB19_2025"]
[SourceDate "2025.05.07"]
[SourceVersion "1"]
[SourceVersionDate "2025.05.07"]
[SourceQuality "1"]

1. e4 e5 2. Nf3 Nc6 3. Nc3 Nf6 4. d4 exd4 5. Nxd4 Bb4 6. Nxc6 bxc6 7. Bd3 0-0 8. 0-0 d5 9. exd5 cxd5 10. h3 c6 11. Qf3 Re8 12. Bf4 Bd6 13. Rfe1 Be6 14. Rad1 Bxf4 15. Qxf4 Qb8 16. Qxb8 1/2-1/2

[Event "Stockholm Hotel N GM 2nd"]
[Site "Upplands Vasby"]
[Date "2025.05.02"]
[Round "10"]
[White "Seo, Jung Min"]
[Black "Kaasen, Tor Fredrik"]
[Result "1/2-1/2"]
[WhiteElo "2479"]
[BlackElo "2472"]
[PlyCount "22"]
[EventDate "2025.04.28"]
[EventType "tourn"]
[EventRounds "10"]
[EventCountry "SWE"]
[EventCategory "10"]
[SourceTitle "CB19_2025"]
[SourceDate "2025.05.07"]
[SourceVersion "1"]
[SourceVersionDate "2025.05.07"]
[SourceQuality "1"]

1. e4 c5 2. Nf3 d6 3. c3 Nf6 4. h3 g6 5. Bd3 Bg7 6. Bc2 e5 7. d4 exd4 8. cxd4 0-0 9. 0-0 cxd4 10. Nxd4 d5 11. e5 Ne4 1/2-1/2

[Event "Stockholm Hotel N GM 2nd"]
[Site "Upplands Vasby"]
[Date "2025.05.01"]
[Round "8"]
[White "Willow, Jonah B"]
[Black "Kaasen, Tor Fredrik"]
[Result "1/2-1/2"]
[WhiteElo "2471"]
[BlackElo "2472"]
[PlyCount "53"]
[EventDate "2025.04.28"]
[EventType "tourn"]
[EventRounds "10"]
[EventCountry "SWE"]
[EventCategory "10"]
[SourceTitle "CB19_2025"]
[SourceDate "2025.05.07"]
[SourceVersion "1"]
[SourceVersionDate "2025.05.07"]
[SourceQuality "1"]

1. e4 e5 2. Nf3 Nc6 3. Bb5 a6 4. Ba4 Nf6 5. 0-0 Be7 6. Bxc6 dxc6 7. d3 Nd7 8. Be3 0-0 9. Nbd2 Re8 10. a4 Bf8 11. Kh1 f6 12. Nh4 g6 13. Nhf3 Nc5 14. Ng1 b5 15. b3 Ne6 16. Ne2 Bd6 17. f4 exf4 18. Nxf4 Be5 19. Rb1 Nxf4 20. Bxf4 c5 21. Bxe5 Rxe5 22. Qf3 Kg7 23. Rf2 Bb7 24. Rbf1 Rf5 25. Qg3 Rxf2 26. Qxf2 Qd6 27. Ra1 1/2-1/2

[Event "Stockholm Hotel N GM 2nd"]
[Site "Upplands Vasby"]
[Date "2025.04.29"]
[Round "3"]
[White "Kaasen, Tor Fredrik"]
[Black "Willow, Jonah B"]
[Result "1/2-1/2"]
[WhiteElo "2472"]
[BlackElo "2471"]
[PlyCount "105"]
[EventDate "2025.04.28"]
[EventType "tourn"]
[EventRounds "10"]
[EventCountry "SWE"]
[EventCategory "10"]
[SourceTitle "CB19_2025"]
[SourceDate "2025.05.07"]
[SourceVersion "1"]
[SourceVersionDate "2025.05.07"]
[SourceQuality "1"]

1. d4 Nf6 2. c4 g6 3. g3 c6 4. Bg2 d5 5. Nf3 Bg7 6. 0-0 0-0 7. a4 Be6 8. Nc3 dxc4 9. e4 Na6 10. h3 Nb4 11. Qe2 h6 12. Be3 Ne8 13. Rad1 Nd3 14. Ne5 c5 15. d5 Bxe5 16. dxe6 Kh7 17. b3 Bxc3 18. bxc4 Bd4 19. Rxd3 Ng7 20. Bxd4 cxd4 21. e5 Nxe6 22. Rfd1 Qd7 23. a5 Rad8 24. Bd5 Qc7 25. Bxe6 fxe6 26. Rxd4 Qxa5 27. Rxd8 Rxd8 28. Rxd8 Qxd8 29. Qf3 Qc7 30. Qf7+ Kh8 31. Qxg6 Qxe5 32. Qe8+ Kh7 33. Qxe7+ Kg6 34. Qxb7 a5 35. Qc6 Kf6 36. h4 h5 37. c5 a4 38. Qf3+ Ke7 39. Qb7+ Kf6 40. c6 Qe1+ 41. Kg2 Qe4+ 42. Kh2 Qd4 43. Kg2 Qe4+ 44. Kh2 Qd4 45. c7 Qxf2+ 46. Qg2 Qc5 47. Qb2+ e5 48. Qb7 Qc2+ 49. Kh3 Qf5+ 50. Kg2 Qc2+ 51. Kh3 Qf5+ 52. Kg2 Qc2+ 53. Kh3 1/2-1/2

[Event "Stockholm Hotel N GM 2nd"]
[Site "Upplands Vasby"]
[Date "2025.04.28"]
[Round "1"]
[White "Kaasen, Tor Fredrik"]
[Black "Stefansson, Vignir Vatnar"]
[Result "0-1"]
[WhiteElo "2472"]
[BlackElo "2536"]
[PlyCount "100"]
[EventDate "2025.04.28"]
[EventType "tourn"]
[EventRounds "10"]
[EventCountry "SWE"]
[EventCategory "10"]
[SourceTitle "CB19_2025"]
[SourceDate "2025.05.07"]
[SourceVersion "1"]
[SourceVersionDate "2025.05.07"]
[SourceQuality "1"]

1. e4 e5 2. Nf3 Nc6 3. Bc4 Nf6 4. d3 h6 5. c3 d6 6. a4 g6 7. a5 a6 8. 0-0 Bg7 9. b4 0-0 10. Nbd2 Kh7 11. Re1 d5 12. Ba2 Be6 13. Ba3 Re8 14. c4 dxe4 15. dxe4 Nh5 16. g3 Bg4 17. Kg2 Qc8 18. Qc1 Bxf3+ 19. Nxf3 Nf4+ 20. Kh1 Nd3 21. Qc3 Nxe1 22. Rxe1 Qe6 23. Qc2 Rad8 24. Kg1 Qg4 25. Qe2 Qd7 26. Bb1 Qe7 27. c5 Qf6 28. Ba2 Nd4 29. Nxd4 Rxd4 30. Bc4 Red8 31. Bc1 h5 32. f4 exf4 33. gxf4 Qh4 34. Bxf7 Qxe1+ 35. Qxe1 Rd1 36. Kf2 Rxe1 37. Kxe1 Bc3+ 38. Ke2 Bxb4 39. Be3 Kg7 40. Be6 Bxa5 41. f5 gxf5 42. exf5 Bc3 43. Bf4 c6 44. Bc7 Rd2+ 45. Ke3 Rb2 46. Kd3 Bf6 47. Bc8 Rb5 48. Bb6 Be7 49. Kc4 a5 50. Bxb7 Rb4+ 0-1

[Event "Fagernes op"]
[Site "Fagernes"]
[Date "2025.04.20"]
[Round "9"]
[White "Makhnev, Denis"]
[Black "Kaasen, Tor Fredrik"]
[Result "0-1"]
[WhiteElo "2537"]
[BlackElo "2472"]
[PlyCount "88"]
[EventDate "2025.04.13"]
[EventType "swiss"]
[EventRounds "9"]
[EventCountry "NOR"]
[SourceTitle "CB17_2025"]
[SourceDate "2025.04.23"]
[SourceVersion "1"]
[SourceVersionDate "2025.04.23"]
[SourceQuality "1"]

1. Nf3 Nf6 2. c4 g6 3. Nc3 Bg7 4. e4 d6 5. d4 0-0 6. Be2 e5 7. d5 a5 8. Be3 Na6 9. Nd2 Nd7 10. g4 Ndc5 11. h4 f5 12. g5 f4 13. Bxc5 Nxc5 14. Nb3 f3 15. Bxf3 Nxb3 16. axb3 Rf4 17. Bg2 h6 18. Ne2 Rf7 19. Qd2 hxg5 20. hxg5 Bg4 21. Qe3 Qe7 22. f3 Bd7 23. Kd2 b6 24. Bh3 Raf8 25. Raf1 b5 26. Nc3 bxc4 27. bxc4 Rb8 28. Bxd7 Qxd7 29. Nb5 Rf4 30. Kc2 c6 31. Nc3 Qb7 32. Nd1 cxd5 33. cxd5 Rf7 34. Kb1 a4 35. Rf2 Qa6 36. Rc2 a3 37. Rc6 Qa4 38. Qc3 Rb3 39. Rc8+ Bf8 40. Qc2 axb2 41. Nxb2 Rfxf3 42. Rb8 Qd4 43. Rxb3 Rxb3 44. Qh2 Rxb2+ 0-1

[Event "Fagernes op"]
[Site "Fagernes"]
[Date "2025.04.19"]
[Round "8"]
[White "Kaasen, Tor Fredrik"]
[Black "Ghasi, Ameet K"]
[Result "1/2-1/2"]
[WhiteElo "2472"]
[BlackElo "2502"]
[PlyCount "220"]
[EventDate "2025.04.13"]
[EventType "swiss"]
[EventRounds "9"]
[EventCountry "NOR"]
[SourceTitle "CB17_2025"]
[SourceDate "2025.04.23"]
[SourceVersion "1"]
[SourceVersionDate "2025.04.23"]
[SourceQuality "1"]

1. d4 Nf6 2. c4 g6 3. Nc3 Bg7 4. e4 d6 5. Be2 0-0 6. Be3 Na6 7. h4 h5 8. Nf3 Ng4 9. Bg5 c6 10. 0-0 f6 11. Bd2 e5 12. Rb1 exd4 13. Nxd4 f5 14. Nf3 f4 15. b4 Ne5 16. Na4 Nxf3+ 17. Bxf3 Qxh4 18. b5 Nc5 19. bxc6 bxc6 20. Nxc5 dxc5 21. Qa4 g5 22. Qxc6 g4 23. Qxa8 gxf3 24. e5 fxg2 25. Qxg2 Rf5 26. Qh2 Qd8 27. Bxf4 Be6 28. Rfd1 Qe8 29. Qh4 Qg6+ 30. Kh2 Qf7 31. Bg3 Kh7 32. Rd6 Bf8 33. Rxe6 Qxe6 34. Rb7+ Bg7 35. Rxa7 Qg6 36. Rd7 Rg5 37. Rd6 Qf5 38. Qf4 h4 39. Qxf5+ Rxf5 40. Bxh4 Bxe5+ 41. Bg3 Rxf2+ 42. Kh3 Rf3 43. Rd5 Rxg3+ 44. Kh4 Re3 45. Rxc5 Kg6 46. Kg4 Rg3+ 47. Kh4 Rg5 48. Rd5 Kf6 49. Rd8 Kf5 50. Rf8+ Bf6 51. Kh3 Rg6 52. Re8 Be5 53. Rf8+ Ke4 54. Rf1 Bf4 55. c5 Rg3+ 56. Kh2 Rg6+ 57. Kh3 Be3 58. a4 Bxc5 59. a5 Be3 60. a6 Rxa6 61. Kg4 Rg6+ 62. Kh3 Bf4 63. Re1+ Kf5 64. Rf1 Rh6+ 65. Kg2 Kg4 66. Rf2 Re6 67. Kf1 Kg3 68. Rg2+ Kf3 69. Rf2+ Ke4 70. Ra2 Rg6 71. Rg2 Rh6 72. Ke2 Rd6 73. Kf1 Be3 74. Ke2 Rc6 75. Rg4+ Bf4 76. Rg2 Rh6 77. Kf1 Be3 78. Ke2 Rh4 79. Kf1 Kd3 80. Rg3 Rh2 81. Rf3 Ke4 82. Rg3 Kf4 83. Rg2 Rh8 84. Ke2 Rd8 85. Kf1 Kf3 86. Rf2+ Ke4 87. Rg2 Kd3 88. Rg7 Rf8+ 89. Kg2 Ke2 90. Kh3 Rf1 91. Rg2+ Bf2 92. Rg5 Be3 93. Rg2+ Kf3 94. Rg3+ Kf4 95. Rg4+ Kf5 96. Ra4 Bc5 97. Kg2 Rf2+ 98. Kg3 Rc2 99. Rf4+ Ke5 100. Ra4 Bd4 101. Kf3 Rc3+ 102. Kg4 Ke4 103. Ra8 Rc2 104. Ra3 Rc7 105. Ra4 Rg7+ 106. Kh4 Ke5 107. Kh3 Be3 108. Rg4 Rf7 109. Kg3 Bf4+ 110. Kg2 Bg3 1/2-1/2

[Event "Fagernes op"]
[Site "Fagernes"]
[Date "2025.04.18"]
[Round "7"]
[White "Aradhya, Garg"]
[Black "Kaasen, Tor Fredrik"]
[Result "0-1"]
[WhiteElo "2387"]
[BlackElo "2472"]
[PlyCount "76"]
[EventDate "2025.04.13"]
[EventType "swiss"]
[EventRounds "9"]
[EventCountry "NOR"]
[SourceTitle "CB17_2025"]
[SourceDate "2025.04.23"]
[SourceVersion "1"]
[SourceVersionDate "2025.04.23"]
[SourceQuality "1"]

1. d4 Nf6 2. c4 e6 3. Nf3 d5 4. Nc3 Nbd7 5. e3 b6 6. cxd5 exd5 7. Qb3 Bb7 8. e4 Nxe4 9. Nxe4 Qe7 10. Nfg5 h6 11. Qh3 dxe4 12. a3 Bd5 13. Ba6 g6 14. Kd1 Rd8 15. Re1 Nc5 16. Bb5+ c6 17. dxc5 cxb5 18. Bd2 Bg7 19. Nxe4 Bxe4 20. f3 Rxd2+ 21. Kxd2 Qd8+ 22. Ke2 Qd3+ 23. Kf2 Bd4+ 24. Kg3 Be5+ 25. Kf2 Qd4+ 26. Re3 Qxb2+ 27. Re2 Qd4+ 28. Re3 Bf5 29. g4 Qxa1 30. gxf5 0-0 31. Re1 Bd4+ 32. Kf1 Qa2 33. Qg3 Qc4+ 34. Kg2 Qc2+ 35. Kf1 Qxf5 36. c6 Qd3+ 37. Kg2 Qc2+ 38. Kf1 Qxc6 0-1

[Event "Fagernes op"]
[Site "Fagernes"]
[Date "2025.04.13"]
[Round "1"]
[White "Hebbar, Eshaan"]
[Black "Kaasen, Tor Fredrik"]
[Result "1/2-1/2"]
[WhiteElo "2175"]
[BlackElo "2472"]
[PlyCount "98"]
[EventDate "2025.04.13"]
[EventType "swiss"]
[EventRounds "9"]
[EventCountry "NOR"]
[SourceTitle "CB17_2025"]
[SourceDate "2025.04.23"]
[SourceVersion "1"]
[SourceVersionDate "2025.04.23"]
[SourceQuality "1"]

1. d4 Nf6 2. c4 e6 3. Nf3 d5 4. Nc3 c6 5. e3 Nbd7 6. Qc2 Bd6 7. Bd3 0-0 8. 0-0 dxc4 9. Bxc4 a6 10. a4 Qc7 11. e4 e5 12. dxe5 Nxe5 13. Nxe5 Bxe5 14. h3 Re8 15. Re1 Be6 16. Bd3 Rad8 17. Be3 c5 18. Rad1 h6 19. Bf1 Qc6 20. f3 Qb6 21. Qf2 Qc7 22. Rxd8 Rxd8 23. Qc2 c4 24. Rd1 Rxd1 25. Qxd1 Nh5 26. Bf2 Qe7 27. Nd5 Qg5 28. h4 Qd8 29. Bxc4 Ng3 30. Bc5 Qxh4 31. Ne7+ Kh7 32. Qd8 Qh1+ 33. Kf2 Nxe4+ 34. fxe4 Qh4+ 35. Ke3 Qe1+ 36. Be2 Qc1+ 37. Kf2 Qxc5+ 38. Kf3 f5 39. exf5 Qc1 40. Bd3 Qd1+ 41. Kf2 Qd2+ 42. Kf3 Qf4+ 43. Ke2 Qg4+ 44. Kf1 Qd1+ 45. Kf2 Qd2+ 46. Kf3 Qf4+ 47. Ke2 Qg4+ 48. Kf1 Qd1+ 49. Kf2 Bc4 1/2-1/2

[Event "NOR-chT Elite 2425"]
[Site "Norway"]
[Date "2025.03.08"]
[Round "8.53"]
[White "Kaasen, Tor Fredrik"]
[Black "Kulaots, Kaido"]
[Result "1/2-1/2"]
[WhiteElo "2476"]
[BlackElo "2512"]
[PlyCount "45"]
[EventDate "2024.10.25"]
[EventType "team-tourn"]
[EventRounds "9"]
[EventCountry "NOR"]
[SourceTitle "CB16_2025"]
[SourceDate "2025.04.16"]
[SourceVersion "1"]
[SourceVersionDate "2025.04.16"]
[SourceQuality "1"]
[WhiteTeam "Offerspill"]
[BlackTeam "Valerenga"]
[WhiteTeamCountry "NOR"]
[BlackTeamCountry "NOR"]

1. e4 c6 2. d4 d5 3. exd5 cxd5 4. Bd3 Nc6 5. c3 Nf6 6. Bf4 Bg4 7. Qb3 Qd7 8. Nd2 e6 9. Ngf3 Bd6 10. Bxd6 Qxd6 11. 0-0 0-0 12. Rfe1 Qc7 13. Qc2 g6 14. Ne5 Bf5 15. Ndf3 Bxd3 16. Nxd3 Kg7 17. h4 Ne4 18. Qc1 h6 19. Re2 Rae8 20. Nd2 Nf6 21. Nf3 Ne4 22. Nd2 Nf6 23. Nf3 1/2-1/2

[Event "Hillerod Skov Memorial"]
[Site "Hillerod"]
[Date "2025.02.12"]
[Round "6"]
[White "Olsen, Filip Boe"]
[Black "Kaasen, Tor Fredrik"]
[Result "1-0"]
[WhiteElo "2472"]
[BlackElo "2472"]
[PlyCount "81"]
[EventDate "2025.02.08"]
[EventType "tourn"]
[EventRounds "9"]
[EventCountry "DEN"]
[EventCategory "8"]
[SourceTitle "CB08_2025"]
[SourceDate "2025.02.19"]
[SourceVersion "1"]
[SourceVersionDate "2025.02.19"]
[SourceQuality "1"]

1. c4 g6 2. Nc3 Bg7 3. g3 Nf6 4. Bg2 0-0 5. d4 d6 6. h3 Nbd7 7. Nf3 e5 8. 0-0 Re8 9. e4 exd4 10. Nxd4 Nc5 11. Re1 h6 12. Rb1 a5 13. Bf4 a4 14. Ndb5 Nfd7 15. Be3 a3 16. b4 Na6 17. Qb3 Ne5 18. Rbd1 Be6 19. Nxa3 Qc8 20. Kh2 c6 21. Na4 Nxc4 22. Nxc4 Bxc4 23. Qxc4 b5 24. Qb3 bxa4 25. Qxa4 Qe6 26. e5 d5 27. Rc1 c5 28. Qd1 d4 29. Bxa8 Rxa8 30. Bxd4 cxd4 31. Qxd4 Qxa2 32. b5 Bf8 33. Ra1 Qc2 34. Rec1 Qe2 35. bxa6 Rxa6 36. Re1 Qb5 37. Rxa6 Qxa6 38. e6 fxe6 39. Qf6 Qd3 40. Rxe6 g5 41. Re8 1-0

[Event "CRO-chT1B 32nd"]
[Site "Veli Losinj"]
[Date "2024.10.13"]
[Round "9.1"]
[White "Nagy, Gabor"]
[Black "Kaasen, Tor Fredrik"]
[Result "1/2-1/2"]
[WhiteElo "2465"]
[BlackElo "2478"]
[PlyCount "21"]
[EventDate "2024.10.05"]
[EventType "team-tourn"]
[EventRounds "9"]
[EventCountry "CRO"]
[SourceTitle "CB47_2024"]
[SourceDate "2024.11.20"]
[SourceVersion "1"]
[SourceVersionDate "2024.11.20"]
[SourceQuality "1"]
[WhiteTeam "Mihovljan Sloboda"]
[BlackTeam "Zagreb Caissa"]
[WhiteTeamCountry "CRO"]
[BlackTeamCountry "CRO"]

1. d4 Nf6 2. Nf3 g6 3. g3 Bg7 4. Bg2 d5 5. c4 c6 6. cxd5 cxd5 7. 0-0 0-0 8. Ne5 Bf5 9. Nc3 Ne4 10. Qb3 Nxc3 11. bxc3 1/2-1/2

[Event "CRO-chT1B 32nd"]
[Site "Veli Losinj"]
[Date "2024.10.11"]
[Round "7.1"]
[White "Saric, Ibro"]
[Black "Kaasen, Tor Fredrik"]
[Result "1/2-1/2"]
[WhiteElo "2513"]
[BlackElo "2478"]
[PlyCount "93"]
[EventDate "2024.10.05"]
[EventType "team-tourn"]
[EventRounds "9"]
[EventCountry "CRO"]
[SourceTitle "CB47_2024"]
[SourceDate "2024.11.20"]
[SourceVersion "1"]
[SourceVersionDate "2024.11.20"]
[SourceQuality "1"]
[WhiteTeam "Djakovo Limmont"]
[BlackTeam "Zagreb Caissa"]
[WhiteTeamCountry "CRO"]
[BlackTeamCountry "CRO"]

1. Nf3 Nf6 2. g3 g6 3. b3 Bg7 4. Bb2 d6 5. d4 b6 6. Bg2 Bb7 7. 0-0 0-0 8. c4 Nbd7 9. Qc2 Be4 10. Qd2 Bb7 11. Nc3 Ne4 12. Nxe4 Bxe4 13. Ne1 Bxg2 14. Nxg2 e6 15. e4 e5 16. Rad1 exd4 17. Bxd4 Bxd4 18. Qxd4 Qf6 19. Qe3 Rfe8 20. f3 Qg7 21. Qd2 Qe5 22. Nf4 Nf6 23. Kg2 a5 24. Nd3 Qe7 25. Rfe1 Nd7 26. Nf4 Nf6 27. Rc1 Qe5 28. Nd3 Qd4 29. Qc2 Nd7 30. Nf4 Nf6 31. Rcd1 Qe5 32. Nd3 Qe7 33. Qc3 Nd7 34. Nf4 Nf6 35. Nd5 Nxd5 36. cxd5 Qd7 37. Rc1 Re7 38. Qf6 a4 39. b4 Re5 40. Rc4 Qe7 41. Qxe7 Rxe7 42. Rec1 Ra7 43. g4 b5 44. Rd4 f5 45. gxf5 gxf5 46. Kf2 Ra8 47. Rg1+ 1/2-1/2

[Event "CRO-chT1B 32nd"]
[Site "Veli Losinj"]
[Date "2024.10.09"]
[Round "5.1"]
[White "Michalik, Peter"]
[Black "Kaasen, Tor Fredrik"]
[Result "1-0"]
[WhiteElo "2564"]
[BlackElo "2478"]
[PlyCount "111"]
[EventDate "2024.10.05"]
[EventType "team-tourn"]
[EventRounds "9"]
[EventCountry "CRO"]
[SourceTitle "CB47_2024"]
[SourceDate "2024.11.20"]
[SourceVersion "1"]
[SourceVersionDate "2024.11.20"]
[SourceQuality "1"]
[WhiteTeam "Slavonski Brod Djakovic"]
[BlackTeam "Zagreb Caissa"]
[WhiteTeamCountry "CRO"]
[BlackTeamCountry "CRO"]

1. d4 d5 2. c4 c6 3. cxd5 cxd5 4. Bf4 Nf6 5. e3 Nc6 6. Bb5 Bf5 7. Nf3 Qb6 8. Nc3 e6 9. 0-0 Bb4 10. Qe2 Bxc3 11. Bxc6+ bxc6 12. bxc3 Qb5 13. Rfe1 0-0 14. Ne5 Qxe2 15. Rxe2 Rfc8 16. f3 h5 17. Rb2 Ne8 18. Bg3 c5 19. Nd7 cxd4 20. cxd4 Rc3 21. Rb3 Rc2 22. h4 f6 23. Rb7 Re2 24. a4 Rxe3 25. a5 e5 26. dxe5 fxe5 27. a6 Bxd7 28. Rxd7 d4 29. Re7 Nd6 30. Rxe5 Rxe5 31. Bxe5 Nf5 32. Rb1 d3 33. Kf2 Re8 34. Rb8 Kf7 35. Rxe8 Kxe8 36. g3 Kd7 37. Ke1 Kc6 38. Kd2 Kb6 39. Kxd3 Kxa6 40. Ke4 g6 41. Kf4 Nh6 42. Bg7 Nf7 43. Ke4 Nd6+ 44. Ke5 Nf5 45. Kf6 Kb5 46. Bh8 Nxg3 47. Kxg6 Kc5 48. Be5 Ne2 49. Kxh5 Kd5 50. f4 a5 51. Kg5 Ng1 52. Kg4 Ke6 53. h5 Kf7 54. f5 Kg8 55. h6 Kh7 56. f6 1-0